000 00312nam a2200133Ia 4500
008 231129s1988||||xx |||||||||||||| ||spa||
040 _bspa
082 _a(i) 986.1654 V422g
100 _aVega Chacon Nelson
245 0 _aGuaviare: corazon de Colombia
260 _c1988
264 _as.n.
942 _2ddc
_cBKS
999 _c14679
_d14679